ბათუმის შოთა რუსთაველის სახელმწიფო უნივერსიტეტის ბიბლიოთეკა

Межпредметные связи в естественно-математической и педагогической подготовке учителей. (ბიბ.ჩანაწერი № 39019)

000 -LEADER
fixed length control field 00743nam a2200205Ia 4500
001 - CONTROL NUMBER
control field 5528
003 - CONTROL NUMBER IDENTIFIER
control field GE_BSU
008 - FIXED-LENGTH DATA ELEMENTS--GENERAL INFORMATION
fixed length control field 181216s||||||||xx |||||||||||||| ||und||
040 ## - CATALOGING SOURCE
Transcribing agency GE_BSU
080 ## - UNIVERSAL DECIMAL CLASSIFICATION NUMBER
Universal Decimal Classification number 51(072)
100 ## - MAIN ENTRY--PERSONAL NAME
Personal name Келбакини,В.Н.
245 ## - TITLE STATEMENT
Title Межпредметные связи в естественно-математической и педагогической подготовке учителей.
245 ## - TITLE STATEMENT
Statement of responsibility, etc. Ред. Р. Данелия Я. Мирцхулава
260 ## - PUBLICATION, DISTRIBUTION, ETC.
Place of publication, distribution, etc. Тбилиси
260 ## - PUBLICATION, DISTRIBUTION, ETC.
Name of publisher, distributor, etc. Ганатлеба
260 ## - PUBLICATION, DISTRIBUTION, ETC.
Date of publication, distribution, etc. 1987
300 ## - PHYSICAL DESCRIPTION
Extent 291 с. 22см.
653 ## - INDEX TERM--UNCONTROLLED
Uncontrolled term Межпредметные связи педагогической подготовке учителей.
942 ## - ADDED ENTRY ELEMENTS (KOHA)
Koha item type წიგნი
ეგზემპლარები
Withdrawn status Lost status Damaged status Not for loan Date acquired Barcode Date last seen Price effective from Koha item type
        2018-12-17 16186 2018-12-17 2018-12-17 წიგნი